Keyboard Speed Test - Statistics

General Stats
  • This quiz has been taken 43 times
  • The average score is 22 of 36
Answer Stats
Hint Answer % Correct
e
83%
q
83%
w
83%
a
78%
t
78%
d
74%
r
74%
y
74%
1
70%
2
70%
3
65%
4
65%
5
65%
f
65%
i
65%
o
65%
p
65%
u
65%
6
61%
7
61%
9
61%
s
61%
8
57%
b
57%
c
57%
g
57%
h
57%
0
52%
k
52%
z
52%
j
48%
l
48%
n
48%
v
48%
m
43%
x
39%
No matching quizzes found
Score Distribution
Percent of People with Each Score
Percentile by Number Answered
Your Score History
You have not taken this quiz